Jonathan's Music General Knowledge #3 - Statistics

General Stats
  • This quiz has been taken 444 times
  • The average score is 8 of 20
Answer Stats
# Hint Answer % Correct
2 Tupelo, Mississippi was the birth city of which famous singer? Elvis Presley
84%
5 Rapper Dr Dre is also known for which audio products? Beats By Dr. Dre
81%
11 Who is the most successful Icelandic artist of all time? Björk
77%
13 Bernie Taupin is the songwriting partner of which singer? Elton John
64%
1 Which British music chart programme showed its final regular episode in July 2006? Top Of The Pops
63%
4 In the hit by the Shangri-La's, what is Jimmy the leader of? The Pack
56%
18 Dookie was the breakthrough album of which rock band? Green Day
44%
7 The song 'Euphoria' won the 2012 edition of Eurovision for which country? Sweden
41%
3 What was the name of Cliff Richard's famous backing group? The Shadows
38%
15 Who wrote and first recorded Blue Suede Shoes? Carl Perkins
30%
10 Which pianist performed the Maple Leaf Rag? Scott Joplin
29%
8 Who is Richard Wayne Penniman better known as? Little Richard
22%
16 The rock band Focus were from which European country? Netherlands
22%
9 Who performed the title song of The Living Daylights, the 15th James Bond film? a-ha
20%
19 Lonnie Donegan was known as the king of what? Skiffle
20%
6 Tom Tom Club was formed in 1981 by members of which band? Talking Heads
18%
20 In which partially recognised country was singer Rita Ora born? Kosovo
17%
14 Who is the only constant member of English rock band The Fall? Mark E. Smith
15%
12 Which band had a hit with Hang On Sloopy in the 60s? The McCoys
8%
17 Who were the first British group to reach number 1 in America? The Tornados
2%
No matching quizzes found
Score Distribution
Percent of People with Each Score
Percentile by Number Answered
Your Score History
You have not taken this quiz